[Event "FRA-ch U14"]
[Site "Nimes"]
[Date "2012.04.16"]
[Round "4"]
[White "Albaric, Etienne"]
[Black "Maulana, Kahfi"]
[Result "0-1"]
[WhiteElo "1783"]
[BlackElo "1987"]
[PlyCount "118"]
[EventDate "2012.04.14"]
[EventType "swiss"]
[EventRounds "9"]
[EventCountry "FRA"]
[SourceTitle "CBM 148 Extra"]
[Source "ChessBase"]
[SourceDate "2012.06.22"]
[SourceVersion "1"]
[SourceVersionDate "2012.06.22"]
[SourceQuality "1"]

1. e4 e5 2. Nc3 Nc6 3. Bc4 Bc5 4. Qg4 Nd4 5. Qxg7 Qf6 6. Qxf6 Nxf6 7. Bb3 Rg8 8. Kf1 c6 9. f3 b5 10. Nce2 Nxb3 11. axb3 d5 12. d3 Be6 13. Bd2 0-0-0 14. Bc3 d4 15. Be1 Nd7 16. g4 h5 17. gxh5 Rh8 18. Ng3 Nf6 19. N1e2 Bh3+ 20. Kf2 Nxh5 21. Bd2 Rdf8 22. Rag1 Ng7 23. Bc1 f5 24. exf5 Nxf5 25. Nxf5 Bxf5 26. Ke1 Be6 27. Rg3 Bd5 28. Ng1 Be7 29. Ke2 Bh4 30. Rg4 Rfg8 31. h3 Be6 32. Rxg8+ Rxg8 33. Kf1 c5 34. Rh2 c4 35. bxc4 bxc4 36. Rg2 Rxg2 37. Kxg2 cxd3 38. cxd3 Bf5 39. f4 exf4 40. Bxf4 Bxd3 41. Be5 Be4+ 42. Kf1 d3 43. Bf4 Kd7 44. Be3 a6 45. Bd2 Kc6 46. Ne2 Bg2+ 47. Kxg2 dxe2 48. Kf3 e1Q 49. Bxe1 Bxe1 50. Ke2 Bh4 51. Kd3 Kb5 52. Kc3 a5 53. Kb3 a4+ 54. Ka3 Be7+ 55. Ka2 Kb4 56. Ka1 Kb3 57. Kb1 Bf6 58. h4 Bxb2 59. h5 a3 0-1

[Event "FRA-ch U14"]
[Site "Nimes"]
[Date "2012.04.15"]
[Round "2"]
[White "Vigna, Leo"]
[Black "Maulana, Kahfi"]
[Result "0-1"]
[WhiteElo "1711"]
[BlackElo "1987"]
[PlyCount "70"]
[EventDate "2012.04.14"]
[EventType "swiss"]
[EventRounds "9"]
[EventCountry "FRA"]
[SourceTitle "CBM 148 Extra"]
[Source "ChessBase"]
[SourceDate "2012.06.22"]
[SourceVersion "1"]
[SourceVersionDate "2012.06.22"]
[SourceQuality "1"]

1. e4 e5 2. Nf3 Nc6 3. Bb5 Nd4 4. d3 Nxb5 5. Nxe5 d6 6. Nxf7 Kxf7 7. Qh5+ g6 8. Qxb5 Qd7 9. Qc4+ Kg7 10. 0-0 Nf6 11. Bg5 Be7 12. Nc3 c6 13. Rae1 b5 14. Qd4 h6 15. Bh4 c5 16. Bxf6+ Bxf6 17. Qe3 Bb7 18. Qc1 Rae8 19. Ne2 d5 20. f3 Rhf8 21. Ng3 b4 22. c4 dxc4 23. dxc4 Qd4+ 24. Kh1 Qxb2 25. Qxb2 Bxb2 26. Rb1 Ba3 27. Rf2 Bxe4 28. Nxe4 Rxe4 29. Rc2 Re3 30. Kg1 Rc3 31. Re2 Rxc4 32. Kf2 Rf7 33. Ke1 Rd4 34. Re3 c4 35. Rxa3 bxa3 0-1

[Event "FRA-ch U14"]
[Site "Nimes"]
[Date "2012.04.14"]
[Round "1"]
[White "Maulana, Kahfi"]
[Black "Perche, Louis"]
[Result "1-0"]
[WhiteElo "1987"]
[BlackElo "1618"]
[PlyCount "73"]
[EventDate "2012.04.14"]
[EventType "swiss"]
[EventRounds "9"]
[EventCountry "FRA"]
[SourceTitle "CBM 148 Extra"]
[Source "ChessBase"]
[SourceDate "2012.06.22"]
[SourceVersion "1"]
[SourceVersionDate "2012.06.22"]
[SourceQuality "1"]

1. e4 c5 2. d3 Nc6 3. g3 g6 4. Bg2 Bg7 5. f4 d6 6. c3 e6 7. Nf3 Nge7 8. Be3 b6 9. Na3 d5 10. e5 Ba6 11. d4 cxd4 12. Nxd4 Qd7 13. Qa4 Na5 14. Nab5 Bxb5 15. Qxb5 Nc4 16. Bf2 a6 17. Qxd7+ Kxd7 18. b3 Na5 19. 0-0-0 Rac8 20. Kb2 b5 21. g4 Nec6 22. Ne2 Bf8 23. Bg3 Bg7 24. Rhf1 Rhf8 25. h4 h6 26. Bf2 Nb7 27. c4 bxc4 28. bxc4 Nb4 29. a3 Rxc4 30. axb4 Rxb4+ 31. Ka3 a5 32. Rb1 Rxb1 33. Rxb1 Rb8 34. Ba7 Bf8+ 35. Ka2 Rc8 36. Rxb7+ Ke8 37. Rb8 1-0

[Event "Rennes op"]
[Site "Rennes"]
[Date "2012.04.07"]
[Round "2.2"]
[White "Maulana, Kahfi"]
[Black "Le Goff, Damien"]
[Result "0-1"]
[WhiteElo "1987"]
[BlackElo "2277"]
[PlyCount "66"]
[EventDate "2012.04.07"]
[EventType "swiss"]
[EventRounds "6"]
[EventCountry "FRA"]
[SourceTitle "EXT 2014"]
[Source "ChessBase"]
[SourceDate "2013.11.20"]
[SourceVersion "1"]
[SourceVersionDate "2013.11.20"]
[SourceQuality "1"]

1. e4 e6 2. b3 d5 3. Bb2 Nf6 4. e5 Nfd7 5. f4 c5 6. Nf3 b6 7. Nc3 Be7 8. Qe2 Ba6 9. Qf2 Bxf1 10. Rxf1 Nc6 11. a3 0-0 12. 0-0-0 d4 13. Ne4 b5 14. g4 Kh8 15. g5 a5 16. Qh4 Rg8 17. Rg1 g6 18. Nf6 Rg7 19. Rg3 Nf8 20. Qg4 a4 21. h4 b4 22. h5 bxa3 23. Ba1 axb3 24. cxb3 a2 25. h6 Rg8 26. Ne1 c4 27. bxc4 Qb6 28. Kc2 Nb4+ 29. Kc1 Bxf6 30. exf6 Nd3+ 31. Kc2 Nf2 32. Qf3 Nxd1 33. Qxd1 Rb8 0-1

[Event "Rennes op 4th"]
[Site "Rennes"]
[Date "2011.07.21"]
[Round "8"]
[White "Piankov, Evgenij"]
[Black "Maulana, Kahfi"]
[Result "1-0"]
[WhiteElo "2327"]
[BlackElo "1951"]
[PlyCount "89"]
[EventDate "2011.07.16"]
[EventType "swiss"]
[EventRounds "9"]
[EventCountry "FRA"]
[SourceTitle "CBM 143 Extra"]
[Source "ChessBase"]
[SourceDate "2011.08.29"]
[SourceVersion "1"]
[SourceVersionDate "2011.08.29"]
[SourceQuality "1"]

1. d4 Nf6 2. Nf3 d6 3. Bg5 Nbd7 4. Nbd2 g6 5. e4 Bg7 6. Bc4 0-0 7. e5 Ne8 8. e6 fxe6 9. Bxe6+ Kh8 10. 0-0 Nef6 11. Qe2 c5 12. c3 cxd4 13. Nxd4 Qa5 14. N2f3 Ne5 15. Bxc8 Nxf3+ 16. Nxf3 Raxc8 17. Qe6 Rc7 18. Bh4 Ng8 19. Rad1 Bf6 20. Bg3 Rfc8 21. Rfe1 Qb5 22. Qe2 Qa5 23. a3 Qb6 24. Bf4 Qb3 25. Bg5 Qf7 26. Bxf6+ Qxf6 27. Nd2 h6 28. Ne4 Qf7 29. Rd3 Qc4 30. Nd2 Qb5 31. Nf3 Rc5 32. Qc2 Qc4 33. Rde3 Qf7 34. Re6 Kg7 35. h3 R8c7 36. Nd4 Nf6 37. R6e3 Rc4 38. Qe2 Nd5 39. Rf3 Nf4 40. Qe3 g5 41. g3 Nxh3+ 42. Kg2 Nf4+ 43. gxf4 g4 44. Rg3 h5 45. Ne6+ 1-0

[Event "Rennes op 4th"]
[Site "Rennes"]
[Date "2011.07.20"]
[Round "7"]
[White "Maulana, Kahfi"]
[Black "Jegourel, Cyrille"]
[Result "1/2-1/2"]
[WhiteElo "1951"]
[BlackElo "2048"]
[PlyCount "137"]
[EventDate "2011.07.16"]
[EventType "swiss"]
[EventRounds "9"]
[EventCountry "FRA"]
[SourceTitle "CBM 143 Extra"]
[Source "ChessBase"]
[SourceDate "2011.08.29"]
[SourceVersion "1"]
[SourceVersionDate "2011.08.29"]
[SourceQuality "1"]

1. e4 c5 2. d3 Nc6 3. Nf3 g6 4. g3 Bg7 5. Bg2 d6 6. 0-0 e5 7. c3 Nge7 8. Be3 0-0 9. Nfd2 b6 10. f4 Qc7 11. Na3 a6 12. Nc2 Be6 13. Nf3 Rad8 14. d4 cxd4 15. cxd4 exf4 16. Bxf4 Bg4 17. h3 Bc8 18. Rc1 Qd7 19. d5 Ne5 20. Ncd4 Bb7 21. Qb3 b5 22. Kh2 Rc8 23. Nd2 Rxc1 24. Rxc1 Rc8 25. Rxc8+ Qxc8 26. Qb4 Nd3 27. Qxd6 Nxf4 28. gxf4 Bxd4 29. Qxe7 Be3 30. Nf1 Bxf4+ 31. Kh1 Qc7 32. Qxc7 Bxc7 33. Kg1 Bb6+ 34. Kh2 Bc7+ 35. Kg1 Be5 36. b3 Bd4+ 37. Kh2 Kf8 38. Kg3 Be5+ 39. Kf3 Ke7 40. Ke3 Kd6 41. Kd3 f6 42. Ne3 h5 43. Nc2 a5 44. Ne3 Kc5 45. Nc2 Bc8 46. a3 Bb2 47. b4+ axb4 48. axb4+ Kd6 49. Nd4 Bd7 50. Bf1 g5 51. Ke3 Bc1+ 52. Kf3 g4+ 53. hxg4 Bxg4+ 54. Kg3 Ke5 55. Nxb5 Bd2 56. d6 Be1+ 57. Kh2 Bxb4 58. Bg2 Bxd6 59. Nxd6 Kxd6 60. Kg3 Ke5 61. Bh1 Bd7 62. Bf3 Bg4 63. Bg2 Kd6 64. Kf4 Ke6 65. Bf1 Bd1 66. Bh3+ Kd6 67. Kf5 Ke7 68. e5 Bg4+ 69. Bxg4 1/2-1/2

[Event "Ile et Vilaine op"]
[Site "Rennes"]
[Date "2011.06.12"]
[Round "4"]
[White "Castel, Efflam"]
[Black "Maulana, Kahfi"]
[Result "1/2-1/2"]
[WhiteElo "1922"]
[BlackElo "1917"]
[PlyCount "39"]
[EventDate "2011.06.11"]
[EventType "swiss"]
[EventRounds "7"]
[EventCountry "FRA"]
[SourceTitle "EXT 2012"]
[Source "ChessBase"]
[SourceDate "2011.11.24"]
[SourceVersion "1"]
[SourceVersionDate "2011.11.24"]
[SourceQuality "1"]

1. d4 Nf6 2. c4 c5 3. d5 b5 4. Nf3 g6 5. Qc2 b4 6. a3 bxa3 7. Rxa3 d6 8. e4 Bg7 9. Bf4 0-0 10. e5 Nh5 11. Be3 Na6 12. Rxa6 Bxa6 13. g4 Nf6 14. exf6 Bxf6 15. Bh6 Qa5+ 16. Nfd2 Rfb8 17. b3 Bc8 18. f3 Bh4+ 19. Kd1 Bd7 20. Bd3 1/2-1/2

[Event "Ile et Vilaine op"]
[Site "Rennes"]
[Date "2011.06.11"]
[Round "2"]
[White "Le Marec, Simon"]
[Black "Maulana, Kahfi"]
[Result "0-1"]
[WhiteElo "2115"]
[BlackElo "1917"]
[PlyCount "117"]
[EventDate "2011.06.11"]
[EventType "swiss"]
[EventRounds "7"]
[EventCountry "FRA"]
[SourceTitle "EXT 2012"]
[Source "ChessBase"]
[SourceDate "2011.11.24"]
[SourceVersion "1"]
[SourceVersionDate "2011.11.24"]
[SourceQuality "1"]

1. Nf3 g6 2. d4 Nf6 3. g3 Bg7 4. Bg2 d6 5. 0-0 0-0 6. c4 Nbd7 7. Nc3 Re8 8. e4 c6 9. e5 dxe5 10. dxe5 Ng4 11. e6 Nde5 12. exf7+ Nxf7 13. Qxd8 Rxd8 14. Re1 Nge5 15. c5 Nd3 16. Rxe7 Bf8 17. Re2 Bxc5 18. Be3 Bxe3 19. fxe3 Bg4 20. h3 Bxf3 21. Bxf3 Nde5 22. Be4 Rd7 23. Bc2 Rad8 24. Ne4 Kg7 25. Rf1 b6 26. Bb3 c5 27. Ba4 Re7 28. Nc3 a6 29. Kg2 b5 30. Bb3 c4 31. Bd1 Nd3 32. a3 Re5 33. b3 Rde8 34. bxc4 bxc4 35. Ba4 R8e6 36. e4 Ng5 37. Bd7 Rd6 38. Bc8 Nc5 39. Rc1 Rd3 40. h4 Nf7 41. Bg4 Nb3 42. Rd1 Rxc3 43. Rd7 Nc5 44. Ra7 Rb3 45. Bc8 Rb6 46. Rc2 Rc6 47. Rf2 Rf6 48. Rc2 Rxe4 49. Rc7 Nd3 50. Bb7 Ne1+ 51. Kh3 Nxc2 52. Bxe4 Nxa3 53. Bd5 Kf8 54. h5 gxh5 55. Kh4 a5 56. Ra7 c3 57. Rc7 c2 58. Be4 Rf1 59. Bxc2 0-1

[Event "FRA-ch U12"]
[Site "Montlucon"]
[Date "2011.04.21"]
[Round "6"]
[White "Maulana, Kahfi"]
[Black "Meunier, Clement1111"]
[Result "1/2-1/2"]
[WhiteElo "1907"]
[BlackElo "1846"]
[PlyCount "138"]
[EventDate "2011.04.17"]
[EventType "swiss"]
[EventRounds "9"]
[EventCountry "FRA"]
[SourceTitle "CBM 142 Extra"]
[Source "ChessBase"]
[SourceDate "2011.06.27"]
[SourceVersion "1"]
[SourceVersionDate "2011.06.27"]
[SourceQuality "1"]

1. e4 e5 2. f4 Bc5 3. Nf3 d6 4. Bc4 Nc6 5. c3 Bg4 6. Qb3 Nh6 7. Qxb7 Bd7 8. Bd5 0-0 9. Bxc6 Rb8 10. Qa6 Rb6 11. Qe2 Rxc6 12. fxe5 dxe5 13. Nxe5 Re6 14. Nxd7 Qxd7 15. d4 Rxe4 16. Qxe4 Re8 17. Qxe8+ Qxe8+ 18. Kd2 Bd6 19. Re1 Qc6 20. g3 f5 21. b3 f4 22. gxf4 Qg2+ 23. Kd3 Qg6+ 24. Kc4 Qf7+ 25. Kd3 Qf5+ 26. Kc4 Ng4 27. b4 a5 28. b5 Nf2 29. a4 Qc2 30. Be3 Nd3 31. Na3 Nb2+ 32. Kd5 Qb3+ 33. c4 Bxa3 34. Rxa3 Qxa3 35. c5 Qc3 36. Rb1 Nxa4 37. b6 cxb6 38. c6 Qxe3 39. c7 Qe8 40. Kd6 Qc8 41. Kc6 Qe8+ 42. Kb7 Nc3 43. Rc1 Nb5 44. c8Q Nd6+ 45. Kb8 Nxc8 46. Rxc8 Qxc8+ 47. Kxc8 a4 48. d5 a3 49. d6 a2 50. d7 a1Q 51. d8Q+ Kf7 52. Qxb6 Qc1+ 53. Kd7 Qd2+ 54. Kc6 Qxf4 55. Qb3+ Kg6 56. Qd3+ Qf5 57. Qg3+ Kf7 58. Qc7+ Kf6 59. Qd8+ Kf7 60. Qc7+ Kg8 61. Qd8+ Qf8 62. Qxf8+ Kxf8 63. Kd6 Kf7 64. Ke5 g5 65. Kf5 h6 66. h4 gxh4 67. Kg4 h5+ 68. Kxh4 Kg6 69. Kh3 Kg5 1/2-1/2

[Event "FRA-ch U12"]
[Site "Montlucon"]
[Date "2011.04.18"]
[Round "3"]
[White "Maulana, Kahfi"]
[Black "Berrini, Sylvain"]
[Result "1/2-1/2"]
[WhiteElo "1907"]
[BlackElo "1619"]
[PlyCount "109"]
[EventDate "2011.04.17"]
[EventType "swiss"]
[EventRounds "9"]
[EventCountry "FRA"]
[SourceTitle "CBM 142 Extra"]
[Source "ChessBase"]
[SourceDate "2011.06.27"]
[SourceVersion "1"]
[SourceVersionDate "2011.06.27"]
[SourceQuality "1"]

1. e4 e5 2. Nf3 Nc6 3. Bc4 Bc5 4. c3 Nf6 5. d4 exd4 6. cxd4 Bb4+ 7. Nc3 Nxe4 8. 0-0 Bxc3 9. d5 Bf6 10. Re1 0-0 11. Rxe4 Ne7 12. d6 cxd6 13. Qxd6 Nf5 14. Qd5 Ne7 15. Qd6 Nf5 16. Qd3 d5 17. Bxd5 Ne7 18. Bc4 Qxd3 19. Bxd3 Rd8 20. Bc4 Bf5 21. Re1 Rac8 22. Bb3 Ng6 23. Bg5 Bxb2 24. Bxd8 Bxa1 25. Ng5 Rxd8 26. Nxf7 Rf8 27. Nd6+ Kh8 28. Rxa1 h5 29. Re1 Nh4 30. Re3 Bg6 31. Nxb7 Rc8 32. h3 Nf5 33. Re1 Nd4 34. Nd6 Rc6 35. Nf7+ Kh7 36. Ne5 Rc3 37. Nxg6 Kxg6 38. Bd5 Rc5 39. Be4+ Kf6 40. Rd1 Ne2+ 41. Kh2 Nc3 42. Rd4 Ke5 43. Rd7 Nxe4 44. Rxa7 Nxf2 45. Rxg7 Kf6 46. Rg3 Ne4 47. Rf3+ Rf5 48. Rxf5+ Kxf5 49. a4 Nc5 50. a5 h4 51. g3 hxg3+ 52. Kxg3 Kg5 53. Kf3 Kh4 54. Ke3 Kxh3 55. Kd4 1/2-1/2

[Event "FRA-ch U12"]
[Site "Montlucon"]
[Date "2011.04.18"]
[Round "2"]
[White "Tawegoum, Ivan"]
[Black "Maulana, Kahfi"]
[Result "0-1"]
[WhiteElo "1640"]
[BlackElo "1907"]
[PlyCount "64"]
[EventDate "2011.04.17"]
[EventType "swiss"]
[EventRounds "9"]
[EventCountry "FRA"]
[SourceTitle "CBM 142 Extra"]
[Source "ChessBase"]
[SourceDate "2011.06.27"]
[SourceVersion "1"]
[SourceVersionDate "2011.06.27"]
[SourceQuality "1"]

1. e4 e5 2. Nf3 Nc6 3. Bc4 Nf6 4. Ng5 d5 5. exd5 Na5 6. Bb5+ Bd7 7. Bxd7+ Qxd7 8. 0-0 Bd6 9. Nc3 0-0-0 10. d3 Bb4 11. Bd2 h6 12. Nge4 Bxc3 13. Bxc3 Qxd5 14. Qe2 Nc6 15. Rfd1 Kb8 16. Kh1 Rhe8 17. f3 Nh5 18. Qf2 f5 19. Ng3 Nxg3+ 20. Qxg3 g5 21. Qf2 h5 22. Rf1 f4 23. a3 Ne7 24. Rfe1 Nf5 25. Bd2 g4 26. fxg4 hxg4 27. Qe2 Qd4 28. Qxg4 Ng3+ 29. hxg3 Rh8+ 30. Qh4 fxg3 31. Qh3 Rxh3+ 32. gxh3 Qf2 0-1

[Event "Elancourt op"]
[Site "Elancourt"]
[Date "2010.05.02"]
[Round "9"]
[White "Maulana, Kahfi"]
[Black "Bedouin, Xavier"]
[Result "0-1"]
[WhiteElo "1767"]
[BlackElo "2375"]
[PlyCount "80"]
[EventDate "2010.04.25"]
[EventType "swiss"]
[EventRounds "9"]
[EventCountry "FRA"]
[SourceTitle "CBM 136 Extra"]
[Source "ChessBase"]
[SourceDate "2010.07.02"]
[SourceVersion "2"]
[SourceVersionDate "2010.07.15"]
[SourceQuality "1"]

1. e4 c5 2. c3 Nf6 3. e5 Nd5 4. Bc4 Nb6 5. Na3 Nxc4 6. Nxc4 d5 7. exd6 exd6 8. d4 d5 9. Ne3 Be6 10. Nf3 Nc6 11. 0-0 Be7 12. Nc2 c4 13. Re1 0-0 14. Bf4 Re8 15. Ne3 b5 16. b4 a5 17. a3 h6 18. Ne5 Nxe5 19. Bxe5 Ra6 20. h3 Qd7 21. Qf3 Rea8 22. Rab1 axb4 23. axb4 Bf8 24. g4 f6 25. Bg3 Bf7 26. Qf5 Be6 27. Qf3 R8a7 28. Qe2 h5 29. f4 Ra2 30. Qf3 hxg4 31. hxg4 R7a3 32. Rbc1 Rd2 33. f5 Bf7 34. Red1 Rxd1+ 35. Qxd1 Bxb4 36. Ra1 Rxc3 37. Ra8+ Bf8 38. Qd2 b4 39. Nf1 Ra3 40. Rb8 Rxg3+ 0-1